|
|
|
|
| LEADER |
01152nam a2200265 a 4500 |
| 001 |
00023903 |
| 008 |
111205s2011 naua b 001 0 eng d |
| 020 |
|
|
|a 9780979757624
|
| 020 |
|
|
|a 0979757622
|
| 040 |
|
|
|a BD-DhAAL
|c BD-DhAAL
|
| 082 |
0 |
0 |
|a 571.6
|2 22
|
| 100 |
1 |
|
|a Stefanica,Dan.
|
| 245 |
0 |
0 |
|a A primer for the mathematics of financial engineering /
|c Dan Stefanica
|
| 250 |
|
|
|a 2nd ed.
|
| 260 |
|
|
|a New York :
|b FE Press,
|c c2011.
|
| 300 |
|
|
|a xix, 332 p. ;
|b ill. ;
|c 23 cm.
|
| 490 |
1 |
|
|a Financial engineering advanced background series
|
| 504 |
|
|
|a Includes bibliographical references (p.325-328) and index.
|
| 541 |
1 |
|
|e 00023903
|
| 650 |
|
0 |
|a Financial engineering
|
| 650 |
|
0 |
|a Business mathematics
|
| 852 |
1 |
|
|a Ayesha Abed Library
|j General shelf
|
| 999 |
|
|
|c 11532
|d 11532
|
| 952 |
|
|
|0 0
|1 0
|4 0
|6 571_600000000000000_STE
|7 0
|9 18762
|a BRACUL
|b BRACUL
|c GEN
|d 2011-12-02
|e Trim Education
|g 6500.00
|l 1
|m 29
|o 571.6 STE
|p 3010023903
|r 2018-07-09
|s 2017-10-05
|t 1
|w 2011-12-05
|y BK
|
| 952 |
|
|
|0 0
|1 0
|4 0
|6 571_600000000000000_STE
|7 0
|9 18763
|a BRACUL
|b BRACUL
|c GEN
|d 2011-12-02
|e Trim Education
|g 6500.00
|l 2
|m 16
|o 571.6 STE
|p 3010023904
|r 2015-01-27
|s 2015-01-18
|t 2
|w 2011-12-05
|y BK
|